000 00481nam a2200217Ia 4500
003 OSt
005 20220923230713.0
006 a|||||r|||| 00| 0
007 ta
008 Pun
024 _a304,899
037 _cTextual
040 _aARTS
_cARTS
_bPun
041 _2Pun
_aPun
082 _aS5, 153L8
100 _aਪੁਰੀ
245 0 _aਸੇਜ ਸੰਸਾਰ
260 _c1978
942 _hS5, 153L8
_cTEXL
_2CC
999 _c386706
_d386706